OECD Due Diligence Guidance for Responsible Supply Chains in the Garment and Footwear Sector

Gespeichert in:
Bibliographische Detailangaben
Format: Buch
Sprache:Englisch
Veröffentlicht: Paris OECD 2018
Schlagworte:
Tags: Tag hinzufügen
Keine Tags, Fügen Sie das erste Tag hinzu!

MARC

LEADER 00000nam a2200000 4500
001 0242880
005 20221220065716.2
020 |a 978-92-64-29057-0 
041 0 |a eng 
044 |a FR 
245 1 0 |a OECD Due Diligence Guidance for Responsible Supply Chains in the Garment and Footwear Sector 
264 1 |a Paris  |b OECD  |c 2018 
300 |a 188 s. 
610 2 0 |a reťazce dodávateľsko-odberateľské 
610 2 0 |a priemysel odevný 
610 2 0 |a priemysel obuvnícky 
610 2 0 |a podnikanie zodpovedné 
610 2 0 |a politika podnikania 
610 2 0 |a podmienky pracovné 
610 2 0 |a doba pracovná 
610 2 0 |a bezpečnosť práce 
610 2 0 |a práca detská 
610 2 0 |a práca žien 
610 2 0 |a mzdy 
610 2 0 |a voda 
610 2 0 |a emisie 
610 2 0 |a korupcia